Normal view
MARC view
- NYHOFF,LARRY
Entry Personal Name
001 - CONTROL NUMBER
- control field: 91007
003 - CONTROL NUMBER IDENTIFIER
- control field: NUST
005 - DATE AND TIME OF LATEST TRANSACTION
- control field: 20220419101451.0
008 - FIXED-LENGTH DATA ELEMENTS
- fixed length control field: 220419|| aca||aabn | a|a d
040 ## - CATALOGING SOURCE
- Original cataloging agency: NUST
- Transcribing agency: NUST
100 ## - HEADING--PERSONAL NAME
- Personal name: NYHOFF,LARRY
670 ## - SOURCE DATA FOUND
- Source citation: Work cat.: (NUST): NYHOFF,LARRY., ADTs DATA STRUCTURES /, 2005.
